000 00449nam a2200193Ia 4500
003 0100
008 130303s9999 xx 000 0 und d
040 _cARRUPELIB
050 _aB165.M23 1970
100 _aMcLean, George F
245 _aReadings in ancient Western philosophy
260 _aNew York
260 _bAppleton-Century-Crofts
260 _C1970
300 _axiv
300 _b 338p. 24cm.
650 _bUtopias
942 0 0 _02
999 _c14259
_d14259